| 000 | 00631nam a22001577a 4500 | ||
|---|---|---|---|
| 003 | OSt | ||
| 005 | 20160401153525.0 | ||
| 008 | 160401b xxu||||| |||| 00| 0 eng d | ||
| 040 | _cRUA | ||
| 082 | _aFOR ឆិល 1993 B473 Or.1 | ||
| 100 |
_98302 _aឆិល ជិននី |
||
| 245 | _aសេដ្ឋកិច្ចនិនិងសង្គមកិច្ចនៃការប្រើប្រាស់រុក្ខជាតិនិងសត្វព្រៃជីវសាស្ត្រចំរុះនៅកម្ពុជា | ||
| 260 |
_aPhnom Penh _bRUA _c1993 |
||
| 300 |
_a111p. _bill. _c29cm. |
||
| 942 |
_2ddc _cFOR |
||
| 999 |
_c7939 _d7939 |
||